| 000 | 01557nam a2200241Ii 4500 | ||
|---|---|---|---|
| 003 | JO-AjNU | ||
| 005 | 20240630102241.0 | ||
| 008 | 230605s9999||||xx |||||||||||||| ||und|| | ||
| 040 |
_aJO-AjNU _bara _erda _cJO-AjNU |
||
| 041 | _aara | ||
| 050 | 1 | 4 | _aLB2831 2017 |
| 100 | 1 |
_aسلطان، سالم فالح غضيبان _eمعد _965920 |
|
| 245 | 0 | 0 |
_aتقويم اداء معلمي المرحلة المتوسطة في ضوء المعايير العالميةللتعليم في الكويت=Evaluate the performance of teachers in the middle stage in the light of international standards of education in the state of kuwait / _cاعداد سالم فالح غضيان سلطان ؛ إشراف ماهر مفلح الزيادات |
| 260 | _c2017 | ||
| 300 |
_a97ورقة _bرسالة جامعية( ماجستير في مناهج الرياضيات واساليب التدريس)--جامعة ال البيت، كلية العلوم التربوية(المفرق)، 2017، يشتمل على جداول توضيحية |
||
| 336 |
_atext _btxt _2rdacontent |
||
| 337 |
_aunmediated _bn _2rdamedia |
||
| 338 |
_avolume _bnc _2rdacarrier |
||
| 500 | _aرسالة جامعية( ماجستير في مناهج الرياضيات واساليب التدريس)--جامعة ال البيت، كلية العلوم التربوية(المفرق)، 2017، يشتمل على جداول توضيحية | ||
| 650 | 4 |
_aالرياضيات - تعليم المعلمين _957598 |
|
| 700 | 1 |
_aالزيادات ، ماهر مفلح _965922 _eمشرف |
|
| 942 |
_2lcc _cTHS |
||
| 999 |
_c29389 _d29389 |
||